000 01013nam a2200253Ia 4500
003 GCL
008 140319s9999 xx 000 0 ara d
020 _a4070639953
040 _aGCL /
_cGCL
082 0 4 _a031
_bح م
100 1 _aحسانة قمويرية البعلبكى
245 1 0 _aموسوعة المعلومات العامة :
_bكل ما ينبغى ان تعرفه عن الارض والفضاء والانسان والحيوان والنبات ودول العالم ومدن العالم والاختراعات واهم الاحصاءات /
_cحسانة قمويرية البعلبكى
250 _aالرابعة
260 _aالقاهرة :
_bدار العلم للملايين ،
_c2004
300 _a360 ص ؛
_c24 سم
650 0 4 _aدوائر المعارف
650 0 4 _aالفضاء
650 0 4 _aالانهار
650 0 4 _aالكون
650 0 4 _aالنبات، علم
650 0 4 _aالحيوان، علم
650 0 4 _aالمعلومات العامه
942 _2ddc
_cBK
999 _c8664
_d8664